| 000 | 00900nam a2200241 a 4500 | ||
|---|---|---|---|
| 001 | BRL_1689 | ||
| 005 | 20190320211326.0 | ||
| 008 | 280414s1990----mx-ab#####---#000-0#spa-# | ||
| 020 | _a9683614302 | ||
| 041 | _aspa | ||
| 044 | _amx | ||
| 050 | 4 |
_aF1219.3.R38 _b.C65 1990 |
|
| 111 | 2 |
_aColoquio de Historia de la Religión en Mesoamérica y Areas Afines _n(II _d2-4 septiembre 1986 _cUnidad de Seminarios Ignacio Chávez) _927635 |
|
| 245 | 1 | 0 |
_aHistoria de la religión en Mesoamérica y áreas afines _bII Coloquio _cBarbro Dahlgren editora. |
| 260 |
_aMéxico _bUNAM, Instituto de Investigaciones Antropológicas _c1990 |
||
| 300 |
_a295 p. _bil., mapas _c22 cm. |
||
| 500 | _aAu2168 | ||
| 650 | 1 | 4 |
_aIndígenas de México _vCongresos _xReligión _923799 |
| 650 | 1 | 4 |
_aMitología indígena _vCongresos _zMéxico _927636 |
| 700 | 1 |
_aDahlgren Jordan, Barbro _923801 |
|
| 902 | _aGRL | ||
| 942 |
_2lcc _cB |
||
| 999 |
_c10497 _d10497 |
||